00423nam a2200109Ia 4500082001200000245010900012260000900121300000900130650004100139650006100180710007200241 aRI.003; 0aIntegrated Resource Management Plan :bSocial forestry division Dehra district Kangra, Himachal Pradesh. c1993 av.p. aNATURAL RESOURCES - HIMACHAL PRADESH aFORESTS AND FORESTRY - SOCIAL ASPECTS - HIMACHAL PRADESH aCentre for Research in Rural and Industrial Development, Chandigarh